Statistics for Random Facts About Poland

Click here to take the quiz!

General Stats

  • This quiz has been taken 23 times
  • The average score is 4 of 10

Answer Stats

HintAnswer% Correct
Poland borders what part of Russia?Kaliningrad
81%
What element is named after Poland?Polonium
76%
Poland has how many Nobel Prize winners?17
48%
What was the first capital of Poland?Gniezno
48%
Poland is named after what ancient tribe?Polanie
33%
Poland has its own seven _______?Wonders
33%
Poland is the worlds largest exporter in what kind of fish?Salmon
29%
In Poland the largest castle in the world is called?Malbork Castle
19%
What desert is located between Kraków and Katowice?Błędowska Desert
10%
What kind of shirt is illegal in Poland?Winnie the Pooh
10%

Score Distribution

Percentile by Number Answered

Percent of People with Each Score

Your Score History

You have not taken this quiz